|
|
|
|
| LEADER |
00000cab a2200000 a 4500 |
| 001 |
vtls010668009 |
| 003 |
SK-MaSNL |
| 005 |
20260426100552.0 |
| 008 |
150417c2015 xo er p 000 c0ukr |
| 015 |
|
|
|a SNBRB2015/04
|
| 038 |
|
|
|a SVKPOCL
|
| 040 |
|
|
|a SVKPOCL
|b slo
|c SVKPOCL
|d SVKPOCL
|e AACR2
|
| 041 |
0 |
|
|a ukr
|
| 044 |
|
|
|a xo
|c SK
|
| 080 |
|
|
|a 80(=16)+908(4)
|2 2001
|
| 080 |
|
|
|a 80(=161.2)+908(437.6)
|2 2001
|
| 080 |
|
|
|a 2-726.3
|2 2001
|
| 080 |
|
|
|a 316.022.4(=161.25)(437.6)
|2 2001
|
| 080 |
|
|
|a 821.161.25(497.11)-051
|2 2001
|
| 080 |
|
|
|a 929 Kostelnik, Gabor
|2 2001
|
| 100 |
1 |
|
|a Lattová, Teodózia,
|d 1949-
|4 aut
|9 110367
|
| 245 |
1 |
0 |
|a Gabor Kostelnyk - svjaščenyk, redaktor i pysatel'
|c Teodozija Lattova
|
| 300 |
|
|
|b Fotogr.
|
| 500 |
|
|
|a Lattova, Teodozija pozri Lattová, Teodózia
|
| 600 |
1 |
7 |
|a Kostel'nyk, Havryjil,
|d 1886-1948
|2 svkpocl
|9 57422
|
| 650 |
0 |
7 |
|a Rusíni
|z Srbsko
|2 svkpocl
|9 989031
|
| 650 |
0 |
7 |
|a rusinistika
|2 svkpocl
|9 90871
|
| 650 |
0 |
7 |
|a slavistika
|2 svkpocl
|9 4282
|
| 650 |
0 |
7 |
|a kňazi
|2 svkpocl
|9 28986
|
| 650 |
0 |
7 |
|a redaktori
|2 svkpocl
|9 30176
|
| 650 |
0 |
7 |
|a rusínski spisovatelia
|2 svkpocl
|9 490645
|
| 650 |
0 |
7 |
|a osobnosti
|2 svkpocl
|9 29820
|
| 650 |
0 |
7 |
|a rodisko
|2 SNKPH
|9 172657
|
| 651 |
|
7 |
|a Ruski Krstur (Srbsko)
|2 svkpocl
|9 170101
|
| 651 |
|
7 |
|a Vinkovci (Chorvátsko)
|2 svkpocl
|9 111583
|
| 651 |
|
7 |
|a Ľvov (Ukrajina)
|2 svkpocl
|9 29383
|
| 651 |
|
7 |
|a Záhreb (Chorvátsko)
|2 SNKPHgeo
|9 30453
|
| 773 |
0 |
|
|t Info Rusyn
|g Roč. XII , č. 3 (2015), s. 8
|
| 852 |
|
|
|a SVKPO
|b KIS3GCP
|
| 856 |
4 |
1 |
|u www.rusyn.sk
|
| 958 |
|
|
|a RN
|
| 958 |
|
|
|a SK
|
| 958 |
|
|
|a BC
|
| 958 |
|
|
|a RS
|
| 958 |
|
|
|a NT
|
| 958 |
|
|
|a SS
|
| 958 |
|
|
|a HR
|
| 958 |
|
|
|a UA
|
| 958 |
|
|
|a LX
|
| 999 |
|
|
|c 3200401
|d 3202331
|